00393 2200157 4500001002100000005001500021035002000036245002100056100002600077300001500103260003000118008004100148082001000189084001600199990002000215INLIS00000000000093720240304013544 a0010-03240000351 aPutri Cinderella0 aYudhistira Ikranegara a32 :bilus aSidoarjo :bCV. Dua Media240304 0  a398.2 a398.2 YUD p a3193/BBTIV/2022